|
|
|
|
| LEADER |
00000nab#a22000007a#4500 |
| 001 |
arbauad020523 |
| 003 |
AR-BaUAD |
| 005 |
20250711111804.0 |
| 008 |
960722|||||||||###||||||b###|0###a|spa|| |
| 040 |
|
|
|a AR-BaUAD
|c AR-BaUAD
|b spa
|
| 245 |
1 |
0 |
|a Fabbrica del Vapore als Basar
|
| 300 |
0 |
|
|b fot.
|
| 653 |
|
|
|a ITALIA
|
| 653 |
|
|
|a MORRISON, JASPER
|
| 653 |
|
|
|a IRVINE, JAMES
|
| 653 |
|
|
|a NEWSON, MARC
|
| 653 |
|
|
|a CABEZA, DIANA
|
| 653 |
|
|
|a MUEBLES
|
| 653 |
|
|
|a SILLAS
|
| 653 |
|
|
|a SILLONES
|
| 653 |
|
|
|a BIBLIOTECAS
|
| 653 |
|
|
|a CAJONERAS
|
| 653 |
|
|
|a DISEÑO INDUSTRIAL
|
| 773 |
0 |
|
|t MD moebel design
|g no. 7 [1993], p. 21-25
|
| 942 |
|
|
|c ARTI
|
| 952 |
|
|
|0 0
|1 0
|4 0
|7 0
|9 65442
|a AR-BAuAD
|b AR-BAuAD
|d 2025-07-11
|l 0
|p AAQA020523
|r 2025-07-11 11:18:04
|w 2025-07-11
|y ARTI
|
| 990 |
|
|
|a DI199
|b TD
|
| 998 |
|
|
|a AAQ
|b BIBUN76
|
| 999 |
|
|
|c 45115
|d 45115
|